000 00559nam a22002057a 4500
003 OSt
005 20180116183020.0
008 151109b xxu||||| |||| 00| 0 eng d
020 _a9781259064531
040 _c0
082 _a658.3 ULR 2013
100 _aDave Ulrich
245 _aGlobal HR Competencies
_bMastering Competitive Value from the Outside In
_cDave Ulrich
260 _aIndia
_bMc Graw Hill
_c2013
300 _a292 p.
_bHB
440 _aGlobal HR Competencies
600 _aDave Ulrich
700 _aWayne Brockbank
942 _2ddc
_cBK
999 _c350533
_d350533